25 largest cities by letter - R - Statistics

General Stats
  • This quiz has been taken 64 times
  • The average score is 10 of 25
Answer Stats
Country Population City % Correct
Brazil 6,023,699 Rio de Janeiro
100%
Italy 2,318,895 Rome
98%
Morocco 1,655,753 Rabat
97%
Latvia 742,572 Riga
97%
Saudi Arabia 4,205,961 Riyadh
93%
Netherlands 598,199 Rotterdam
90%
Argentina 1,173,533 Rosario
76%
Brazil 1,478,098 Recife
71%
Pakistan 1,743,101 Rawalpindi
60%
Russia 1,074,482 Rostov-on-Don
55%
United States 451,066 Raleigh
43%
India 1,177,362 Rajkot
28%
India 679,995 Raipur
21%
India 846,454 Ranchi
21%
Russia 520,173 Ryazan
21%
Bangladesh 343,122 Rangpur
9%
Brazil 619,746 Ribeirao Preto
9%
Bangladesh 700,133 Rajshahi
7%
Iran 594,590 Rasht
7%
Argentina 387,158 Resistencia
7%
Mexico 589,466 Reynosa
5%
Pakistan 788,915 Rahimyar Khan
3%
India 452,261 Ramgundam
0%
India 536,450 Raurkela
0%
Brazil 406,802 Ribeirao das Neves
0%
No matching quizzes found
Score Distribution
Percent of People with Each Score
Percentile by Number Answered
Your Score History
You have not taken this quiz